Statystyki dla BAZÓWKI OSTEO

Kliknij tutaj aby rozwiązać quiz!

Ogólne statystyki

  • Ten quiz został rozwiązany 22 razy
  • Średni wynik to 67 z 93

Statystyki odpowiedzi

Odpowiedź% Poprawnych
mandibula
100%
maxilla
100%
os frontale
100%
os metacarpi
100%
os metatarsi
100%
os naviculare
100%
os occipitale
100%
os parietale
100%
os scaphoideum
100%
phalanx distalis
100%
phalanx media
100%
phalanx proximalis
100%
radius
100%
ulna
100%
angulus inferior scapulae
86%
calcaneus
86%
canalis caroticus
86%
costa
86%
femur
86%
fibula
86%
foramen ovale
86%
foramen rotundum
86%
humerus
86%
malleolus lateralis
86%
malleolus medialis
86%
meatus acusticus externus
86%
os capitatum
86%
os cuneiforme intermedium
86%
os cuneiforme laterale
86%
os cuneiforme mediale
86%
os ethmoidale
86%
os hamatum
86%
os lunatum
86%
os nasale
86%
os pisiforme
86%
os pubis
86%
os trapezium
86%
os trapezoideum
86%
os triquetrum
86%
scapula
86%
talus
86%
tibia
86%
atlas
71%
axis
71%
canalis opticus
71%
caput humeri
71%
clavicula
71%
collum chirurgicum humeri
71%
condylus lateralis femoris
71%
condylus medialis femoris
71%
costa prima
71%
epicondylus lateralis humeri
71%
epicondylus medialis humeri
71%
fissura orbitalis superior
71%
foramen jugulare
71%
os palatinum
71%
os sphenoidale
71%
os temporale
71%
os zygomaticum
71%
protuberantia occipitalis externa
71%
sternum
71%
trochanter major
71%
vertebra prominens
71%
acetabulum
57%
arcus vertebrae
57%
caput femoris
57%
cavitas glenoidalis scapulae
57%
collum femoris
57%
corpus vertebrae
57%
fossa hypophysialis
57%
fossa iliaca
57%
meatus acusticus internus
57%
os cuboideum
57%
patella
57%
processus spinosus vertebrae
57%
sulcus sinus sagittalis superior
57%
sulcus sinus sigmoidei
57%
sulcus sinus transversi
57%
tuber ischiadicum
57%
canalis nervi hypoglossi
43%
crista iliaca
43%
dens axis
43%
facies auricularis ossis sacri
43%
foramen stylomastoideum
43%
foramina cribrosa
43%
os coccygis
43%
os hyoideum
43%
os sacrum
43%
alveolus dentalis mandibulae
29%
alveolus dentalis maxillae
29%
canalis nasolacrimalis
29%
discus intervertebralis
29%
promontorium
29%

Rozkład punktacji

Percentyl według liczby udzielonych odpowiedzi

Procent ludzi z każdym wynikiem

Twoja historia wyników

Nie rozwiązałeś tego quizu